000 00801cam a2200193 4500
001 WB3524-01
008 000000n1999 000 0 eng u
035 _a(Sirsi) u101946
245 _aArt tax.
260 _c1999
490 _aIndependent on Sunday
_v20 June 1999, 11
490 _aDaily Telegraph
_v21 June 1999, 8
490 _aGuardian
_v22 June 1999, 21(2)
520 _aThe UK government has persuaded the EU's Internal Market Council to indefinitely postpone proposals for a droit de suite levy on the sale of art works. This would give artists and their heirs a percentage of the resale price of their works. Art dealers believe the levy would cause the market to migrate elsewhere.
650 _aTAXATION
650 _aINHERITANCE
690 _aArts and antiques
_96217
942 _n0
999 _c61040
_d61040